01220nam a2200289 a 450000100060000000300080000600500170001400800410003103500190007204000320009104100080012308200250013110000430015624500920019926000490029130000240034050001470036461000950051165000310060665000450063765000300068265000280071270000420074094200120078299900170079495201190081147149BD-RjUL20211209054251.0160807s1932 enk 000 0 eng d a(BD-RjUL)47268 aDLCcOCPdEQOdBD-RjULbeng aeng a378.54223bANC 19321 aAnderson, G.q(George),d1876-914357110aChristian education in India /cby Sir George Anderson and the Rt. Rev. Henry Whitehead aLondon :bMacmillan and Co., limited,c1932. aviii, 116 p.c20 cm aDevoted largely to the examination of the Report of the Commission on Christian higher education in India, and its recommendations. cf. Introd20aCommission on Christian higher education in India.bThe Christian college in India9143572 0aChurch and college9143573 0aUniversities and collegeszIndia9143574 0aEducation, Higher9143575 0aMissionszIndia91435761 aWhitehead, Henry,d1853-1947.9143577 2ddccBK c47149d47149 00102ddc40708NFICaRUCLbRUCLcStackd2016-08-07l0o378.54 ANC 1932r2016-08-07 00:00:00tC-2w2016-08-07yBK